000 00548nam a22002057a 4500
999 _c3795
_d3795
003 OSt
005 20210125154705.0
008 160426b xxu||||| |||| 00| 0 eng d
020 _a0748743707; 9780748743704
040 _cDDC.
082 _a575.1BRD 1998.
100 _aBrown T.A;
_98339
245 _aGenetics:
_b A molecular Approach.
250 _a3rd ed
260 _aLondon:
_bChapman and Hall,
_c1998.
300 _axiii,469p;
_bcol,ill;
_c26cm.
504 _aincludes index and Glossary.
650 _aBiology.
_95602
942 _2ddc
_cSLOAN